000 01081nam a22002897a 4500
001 BD-DhSAU 8665
003 BD-DhSAU
005 20181217140645.0
008 150613b2013 bg a|||| m||| 00| 0 eng d
040 _aBD-DhSAU
082 _222
_a595.7
_bAl117
100 _aAlam, S.M. Moynul
_4Regis. no. 06-02063
245 _aInsect pest risk analysis of Maize in Bangladesh/
_c S.M. Moynul Alam
_bMs Thesis
260 _aSher-e-Bangla Agricultural University :
_bDepartment of Entomology,
_c2013.
300 _aviii , 68 p. :
_bill. ;
_c30 cm.
500 _aMS thesis of Department of Entomology, Faculty of Agriculture, Sher-e-Bangla Agricultural University, Dhaka, Bangladesh
504 _aIncludes bibliographical references.
590 _akamim
650 _aEntomology
650 _aInsect pest risk analysis
650 _aMaize
650 _a Bangladesh
700 _aAli, Md. Razzab
_eSuperviser
700 _aAkhter, Tahmina
_eCo-superviser
856 _uhttp://archive.saulibrary.edu.bd:8080/xmlui/handle/123456789/1345
942 _2ddc
_cTHESIS
999 _c13900
_d13899